000 00448nam a2200181Ia 4500
999 _c33091
_d33091
003 OSt
005 20260411104151.0
008 210215s9999 xx 000 0 und d
020 _a9788185731711
040 _cMUIT
082 _a615.5
_bRAO-P
_2FIRST
100 _aRAO, P. GUNDU
245 0 _aPHARMACEUTICAL AND MEDICINAL INORGANIC CHEMISTRY
250 _a1ST
260 _aDelhi
_bVALLABH PRAKASHAN
_c2008
300 _a 486
942 _cBK
_2ddc